[Event "Bundesliga 9899"]
[Site "Deutschland"]
[Date "1998.12.13"]
[Round "6.6"]
[White "Hansen, Curt"]
[Black "Renner, Christoph"]
[Result "1-0"]
[WhiteElo "2595"]
[BlackElo "2420"]
[PlyCount "63"]
[EventDate "1998.10.17"]
[EventType "team"]
[EventRounds "15"]
[EventCountry "GER"]
[SourceTitle "Bundesliga 9899"]
[Source "DeepChess"]
[SourceDate "2005.01.01"]
[SourceVersion "1"]
[SourceVersionDate "2005.01.01"]
[SourceQuality "1"]
[WhiteTeam "SG Porz e.V."]
[BlackTeam "Erfurter SK"]
[WhiteTeamCountry "GER"]
[BlackTeamCountry "GER"]

1. d4 f5 2. g3 Nf6 3. Bg2 d6 4. d5 c6 5. c4 e5 6. dxe6 Bxe6 7. Nd2 d5 8. cxd5
Bxd5 9. Ngf3 Bc5 10. O-O O-O 11. b3 Nbd7 12. Bb2 Qe8 13. e3 Rd8 14. Rc1 Qe7 15.
Qc2 Bb4 16. Rfd1 Nb6 17. Nd4 Bxg2 18. Kxg2 Bxd2 19. Rxd2 Ne4 20. Nxf5 Qe6 21.
Rxd8 Rxd8 22. Nd4 Qe7 23. f3 Ng5 24. h4 Nd5 25. Qe2 Nxe3+ 26. Kh1 c5 27. Nc2
Ne4 28. fxe4 Qxe4+ 29. Kg1 Rd3 30. Re1 Qg6 31. Nxe3 Qxg3+ 32. Ng2 1-0

[Event "Bundesliga 9899"]
[Site "Deutschland"]
[Date "1998.12.13"]
[Round "6.8"]
[White "Vogt, Lothar"]
[Black "Voekler, Bernd"]
[Result "1/2-1/2"]
[WhiteElo "2510"]
[BlackElo "2390"]
[PlyCount "129"]
[EventDate "1998.10.17"]
[EventType "team"]
[EventRounds "15"]
[EventCountry "GER"]
[SourceTitle "Bundesliga 9899"]
[Source "DeepChess"]
[SourceDate "2005.01.01"]
[SourceVersion "1"]
[SourceVersionDate "2005.01.01"]
[SourceQuality "1"]
[WhiteTeam "SG Porz e.V."]
[BlackTeam "Erfurter SK"]
[WhiteTeamCountry "GER"]
[BlackTeamCountry "GER"]

1. e4 e6 2. d3 c5 3. Nf3 Nc6 4. g3 d5 5. Nbd2 Nf6 6. Bg2 Be7 7. O-O O-O 8. Re1
b5 9. e5 Nd7 10. Nf1 a5 11. h4 b4 12. Bf4 Ba6 13. Ne3 Rc8 14. Ng4 Nd4 15. Nxd4
cxd4 16. Rc1 Nb6 17. b3 Na8 18. Nh2 Nc7 19. Qg4 Kh8 20. Nf3 Nb5 21. Bg5 h6 22.
Bxe7 Qxe7 23. Nxd4 Nxd4 24. Qxd4 Rc3 25. a3 Qb7 26. axb4 axb4 27. Ra1 Rxc2 28.
Ra4 Rb8 29. Rea1 Rc6 30. Bf1 Kg8 31. Qf4 Rb6 32. d4 Bxf1 33. Ra7 Bd3 34. Rxb7
R6xb7 35. Qe3 Bg6 36. Rc1 h5 37. Qg5 Kh7 38. g4 hxg4 39. Qxg4 Ra7 40. h5 Be4
41. Qf4 Rba8 42. Kh2 Ra1 43. Rxa1 Rxa1 44. Qd2 Rh1+ 45. Kg3 Rxh5 46. f3 Bf5 47.
Qxb4 Rh1 48. Qb7 Rd1 49. Qb4 g5 50. Qe7 Bg6 51. b4 Rb1 52. Qb7 Kg7 53. b5 Bd3
54. b6 Rb2 55. f4 Rb3 56. Kf2 g4 57. Qe7 g3+ 58. Kxg3 Bg6+ 59. Kh4 Rxb6 60.
Qf6+ Kh7 61. f5 Bxf5 62. Qxf7+ Kh6 63. Qf8+ Kg6 64. Qf6+ Kh7 65. Qf7+ 1/2-1/2

[Event "Bundesliga 9899"]
[Site "Deutschland"]
[Date "1998.12.13"]
[Round "6.1"]
[White "Ftacnik, Lubomir"]
[Black "Bauer, Christian"]
[Result "1-0"]
[WhiteElo "2580"]
[BlackElo "2520"]
[PlyCount "81"]
[EventDate "1998.10.17"]
[EventType "team"]
[EventRounds "15"]
[EventCountry "GER"]
[SourceTitle "Bundesliga 9899"]
[Source "DeepChess"]
[SourceDate "2005.01.01"]
[SourceVersion "1"]
[SourceVersionDate "2005.01.01"]
[SourceQuality "1"]
[WhiteTeam "Hamburger SK 1830 e.V."]
[BlackTeam "SK Viernheim"]
[WhiteTeamCountry "GER"]
[BlackTeamCountry "GER"]

1. d4 Nf6 2. Nf3 e6 3. g3 d5 4. Bg2 Be7 5. O-O O-O 6. c4 c6 7. Qc2 Nbd7 8. b3
b5 9. Nbd2 Ba6 10. c5 b4 11. Re1 Bb5 12. a4 bxa3 13. Bxa3 Re8 14. Bb2 g6 15.
Ra2 Bf8 16. e3 Qc7 17. Rea1 a6 18. Nc4 Rab8 19. Na3 Bg7 20. Nxb5 axb5 21. Ne1
e5 22. Nd3 e4 23. Nb4 Rb7 24. Bh3 h5 25. Ra8 Nb8 26. Qd1 Nh7 27. Bg2 Qd7 28.
R1a2 Nf6 29. Bc3 h4 30. gxh4 Rc7 31. h3 Qf5 32. Be1 Rcc8 33. R2a7 Nbd7 34. Qa1
Qh5 35. Nxc6 Rxc6 36. Rxe8+ Nxe8 37. Rxd7 Re6 38. Rb7 Nf6 39. Rxb5 Qe2 40. Bf1
Qf3 41. c6 1-0

[Event "Bundesliga 9899"]
[Site "Deutschland"]
[Date "1998.12.13"]
[Round "6.2"]
[White "Beikert, Guenther"]
[Black "Wahls, Matthias"]
[Result "0-1"]
[WhiteElo "2495"]
[BlackElo "2605"]
[PlyCount "68"]
[EventDate "1998.10.17"]
[EventType "team"]
[EventRounds "15"]
[EventCountry "GER"]
[SourceTitle "Bundesliga 9899"]
[Source "DeepChess"]
[SourceDate "2005.01.01"]
[SourceVersion "1"]
[SourceVersionDate "2005.01.01"]
[SourceQuality "1"]
[WhiteTeam "SK Viernheim"]
[BlackTeam "Hamburger SK 1830 e.V."]
[WhiteTeamCountry "GER"]
[BlackTeamCountry "GER"]

1. e4 c5 2. Nf3 d6 3. c3 Nf6 4. Be2 Nbd7 5. d3 b6 6. Nbd2 Bb7 7. O-O g6 8. Re1
Bg7 9. h3 O-O 10. Bf1 e5 11. a4 Qc7 12. a5 d5 13. exd5 Nxd5 14. Qb3 Bc6 15. g3
b5 16. c4 bxc4 17. Qxc4 Nb4 18. Qb3 Rad8 19. Ng5 Bd5 20. Nc4 h6 21. Ne4 f5 22.
Nc3 Bf7 23. Qa4 a6 24. Bd2 Nb8 25. Red1 Kh7 26. Be3 f4 27. Bc1 N8c6 28. Bg2 Nd4
29. Rd2 Nbc2 30. Rb1 Ne1 31. Qd1 Nxg2 32. Kxg2 Qc6+ 33. f3 fxg3 34. Ne3 Bb3 0-1

[Event "Bundesliga 9899"]
[Site "Deutschland"]
[Date "1998.12.13"]
[Round "6.3"]
[White "Mueller, Karsten"]
[Black "Sokolovs, Andrei"]
[Result "1/2-1/2"]
[WhiteElo "2515"]
[BlackElo "2490"]
[PlyCount "44"]
[EventDate "1998.10.17"]
[EventType "team"]
[EventRounds "15"]
[EventCountry "GER"]
[SourceTitle "Bundesliga 9899"]
[Source "DeepChess"]
[SourceDate "2005.01.01"]
[SourceVersion "1"]
[SourceVersionDate "2005.01.01"]
[SourceQuality "1"]
[WhiteTeam "Hamburger SK 1830 e.V."]
[BlackTeam "SK Viernheim"]
[WhiteTeamCountry "GER"]
[BlackTeamCountry "GER"]

1. e4 Nf6 2. e5 Nd5 3. d4 d6 4. Nf3 dxe5 5. Nxe5 Nd7 6. Nf3 e6 7. c4 N5f6 8.
Be2 Be7 9. Nc3 O-O 10. O-O c5 11. Bf4 cxd4 12. Qxd4 Bc5 13. Qd2 b6 14. Rad1 Bb7
15. Nb5 a5 16. Nd6 Ba6 17. a3 a4 18. Qc2 Qe7 19. Bg3 Nh5 20. Bh4 f6 21. Ne4 Nf4
22. Rfe1 Nxe2+ 1/2-1/2

[Event "Bundesliga 9899"]
[Site "Deutschland"]
[Date "1998.12.13"]
[Round "6.4"]
[White "Kraai, Jesse"]
[Black "Heinemann, Thies"]
[Result "1/2-1/2"]
[WhiteElo "2345"]
[BlackElo "2450"]
[PlyCount "41"]
[EventDate "1998.10.17"]
[EventType "team"]
[EventRounds "15"]
[EventCountry "GER"]
[SourceTitle "Bundesliga 9899"]
[Source "DeepChess"]
[SourceDate "2005.01.01"]
[SourceVersion "1"]
[SourceVersionDate "2005.01.01"]
[SourceQuality "1"]
[WhiteTeam "SK Viernheim"]
[BlackTeam "Hamburger SK 1830 e.V."]
[WhiteTeamCountry "GER"]
[BlackTeamCountry "GER"]

1. d4 Nf6 2. c4 c5 3. e3 g6 4. dxc5 Na6 5. a3 Nxc5 6. b4 Ne6 7. Bb2 Bg7 8. Nf3
O-O 9. Be2 b6 10. O-O Bb7 11. Nbd2 d5 12. Rc1 Rc8 13. Qa4 Bc6 14. Qb3 dxc4 15.
Nxc4 Bd5 16. Qa4 Qe8 17. Qd1 Rd8 18. Qc2 Rc8 19. Qd1 Rd8 20. Qc2 Rc8 21. Qd1
1/2-1/2

[Event "Bundesliga 9899"]
[Site "Deutschland"]
[Date "1998.12.13"]
[Round "6.5"]
[White "Hansen, Sune Berg"]
[Black "Schwalfenberg, Joerg"]
[Result "1-0"]
[WhiteElo "2480"]
[BlackElo "2370"]
[PlyCount "61"]
[EventDate "1998.10.17"]
[EventType "team"]
[EventRounds "15"]
[EventCountry "GER"]
[SourceTitle "Bundesliga 9899"]
[Source "DeepChess"]
[SourceDate "2005.01.01"]
[SourceVersion "1"]
[SourceVersionDate "2005.01.01"]
[SourceQuality "1"]
[WhiteTeam "Hamburger SK 1830 e.V."]
[BlackTeam "SK Viernheim"]
[WhiteTeamCountry "GER"]
[BlackTeamCountry "GER"]

1. e4 c6 2. d4 d5 3. Nd2 dxe4 4. Nxe4 Nd7 5. Bc4 Ngf6 6. Ng5 e6 7. Qe2 Nb6 8.
Bd3 h6 9. N5f3 c5 10. Be3 Qc7 11. Ne5 Nbd5 12. Ngf3 Bd6 13. Bb5+ Ke7 14. O-O a6
15. Bd3 b5 16. c3 Bb7 17. Bd2 cxd4 18. cxd4 Nb4 19. Rac1 Qb6 20. Bb1 Bd5 21.
Nh4 Kf8 22. Rfe1 Re8 23. Nf5 Bb7 24. Nxd6 Qxd6 25. Bxb4 Qxb4 26. Nxf7 Bf3 27.
Qxf3 Kxf7 28. a3 Qxd4 29. Qb7+ Kg8 30. Bg6 Rf8 31. Qxa6 1-0

[Event "Bundesliga 9899"]
[Site "Deutschland"]
[Date "1998.12.13"]
[Round "6.6"]
[White "Mandel, Andreas"]
[Black "Wilhelmi, Christian"]
[Result "1-0"]
[WhiteElo "2340"]
[BlackElo "2445"]
[PlyCount "65"]
[EventDate "1998.10.17"]
[EventType "team"]
[EventRounds "15"]
[EventCountry "GER"]
[SourceTitle "Bundesliga 9899"]
[Source "DeepChess"]
[SourceDate "2005.01.01"]
[SourceVersion "1"]
[SourceVersionDate "2005.01.01"]
[SourceQuality "1"]
[WhiteTeam "SK Viernheim"]
[BlackTeam "Hamburger SK 1830 e.V."]
[WhiteTeamCountry "GER"]
[BlackTeamCountry "GER"]

1. d4 Nf6 2. Nf3 e6 3. g3 b5 4. Bg2 Bb7 5. O-O c5 6. c3 Na6 7. Qb3 Qb6 8. a4 b4
9. a5 Qc6 10. cxb4 c4 11. Qd1 Nxb4 12. Nc3 Be7 13. b3 Rc8 14. Bd2 O-O 15. bxc4
Qxc4 16. Ne5 Qa6 17. Bxb7 Qxb7 18. Qb3 Qa6 19. Qa4 Nc6 20. Rfc1 Nb8 21. Rab1 d6
22. Nd3 Nc6 23. Nb4 Nxb4 24. Qxb4 Rc7 25. Qb5 Qc8 26. a6 h6 27. f3 d5 28. Na4
Ba3 29. Rxc7 Qxc7 30. Bf4 Qc2 31. Qb3 Qg6 32. Qd3 Qh5 33. Qxa3 1-0

[Event "Bundesliga 9899"]
[Site "Deutschland"]
[Date "1998.12.13"]
[Round "6.7"]
[White "Reeh, Oliver"]
[Black "Grund, Holger"]
[Result "1/2-1/2"]
[WhiteElo "2425"]
[BlackElo "2340"]
[PlyCount "151"]
[EventDate "1998.10.17"]
[EventType "team"]
[EventRounds "15"]
[EventCountry "GER"]
[SourceTitle "Bundesliga 9899"]
[Source "DeepChess"]
[SourceDate "2005.01.01"]
[SourceVersion "1"]
[SourceVersionDate "2005.01.01"]
[SourceQuality "1"]
[WhiteTeam "Hamburger SK 1830 e.V."]
[BlackTeam "SK Viernheim"]
[WhiteTeamCountry "GER"]
[BlackTeamCountry "GER"]

1. e4 c6 2. c4 d5 3. exd5 cxd5 4. cxd5 Qxd5 5. Nc3 Qd6 6. d4 Nf6 7. Nf3 e6 8.
g3 Be7 9. Bg2 Nc6 10. O-O O-O 11. Bf4 Qb4 12. Qc2 Bd7 13. a3 Qb6 14. Rad1 Rfd8
15. Rfe1 Rac8 16. Be3 Qa5 17. h3 h6 18. Nd2 Be8 19. Nb3 Qc7 20. Bf4 Qb6 21. Be3
Na5 22. Nc5 Bc6 23. Bf1 Bf3 24. Rd2 Nd5 25. b4 Nc6 26. Qb2 Qc7 27. Nxd5 Bxd5
28. Rc1 Bf6 29. Rcc2 Qe7 30. b5 Na5 31. b6 a6 32. f4 Nc6 33. Kh2 g6 34. Rc1 Nb8
35. Rcc2 Rc6 36. a4 Nd7 37. Nxd7 Qxd7 38. a5 Rdc8 39. Bd3 Bf3 40. Rxc6 Bxc6 41.
Bf1 Be4 42. Bd3 Qc6 43. d5 exd5 44. Bd4 Bxd4 45. Qxd4 Qc1 46. Bxe4 dxe4 47. Re2
Rc4 48. Qd8+ Kg7 49. Qd5 Ra4 50. Qe5+ Kh7 51. Qc7 Qxc7 52. bxc7 Rc4 53. Rxe4
Rxc7 54. Rb4 Kg7 55. g4 Rc5 56. Rxb7 Rxa5 57. Ra7 Kf6 58. Kg3 g5 59. f5 Ra3+
60. Kg2 a5 61. Kh2 a4 62. Ra5 Ra2+ 63. Kg3 a3 64. Kf3 Ra1 65. Kg2 a2 66. Kh2
Ke7 67. Ra6 Kd7 68. Kg2 Kc7 69. Kh2 Kb7 70. Ra3 Kc6 71. Kg2 Kd5 72. Ra5+ Kd4
73. Ra7 Ke4 74. Ra4+ Ke3 75. Ra3+ Kd4 76. Ra7 1/2-1/2

[Event "Bundesliga 9899"]
[Site "Deutschland"]
[Date "1998.12.13"]
[Round "6.8"]
[White "Kratochwil, Christian"]
[Black "Sievers, Stefan"]
[Result "0-1"]
[WhiteElo "2280"]
[BlackElo "2340"]
[PlyCount "102"]
[EventDate "1998.10.17"]
[EventType "team"]
[EventRounds "15"]
[EventCountry "GER"]
[SourceTitle "Bundesliga 9899"]
[Source "DeepChess"]
[SourceDate "2005.01.01"]
[SourceVersion "1"]
[SourceVersionDate "2005.01.01"]
[SourceQuality "1"]
[WhiteTeam "SK Viernheim"]
[BlackTeam "Hamburger SK 1830 e.V."]
[WhiteTeamCountry "GER"]
[BlackTeamCountry "GER"]

1. c4 c5 2. Nf3 Nc6 3. Nc3 Nf6 4. g3 d5 5. cxd5 Nxd5 6. Nxd5 Qxd5 7. Bg2 g6 8.
d3 Bg7 9. O-O O-O 10. Be3 Bd7 11. Nd4 Qd6 12. Nxc6 Bxc6 13. Bxc6 Qxc6 14. Rc1
Qa6 15. Qb3 b6 16. Rfd1 Rfd8 17. Rc4 Rd7 18. a3 h5 19. h4 e6 20. Qc2 Rd5 21.
Rc1 Rad8 22. Ra4 Qb7 23. b4 Bf8 24. b5 Bg7 25. Rc4 Bd4 26. Bxd4 Rxd4 27. Qb2 e5
28. a4 e4 29. Rxd4 Rxd4 30. Rc4 Rxc4 31. dxc4 Qd7 32. Qc2 Qe6 33. Qc3 Qd6 34.
Qc2 e3 35. Kg2 Qd2 36. Qe4 Qxe2 37. Qe8+ Kg7 38. Qe5+ Kh7 39. Qxe3 Qxc4 40. Qe7
Qd5+ 41. Kg1 c4 42. Qxa7 c3 43. Qc7 Qb3 44. a5 bxa5 45. b6 c2 46. b7 Qxb7 47.
Qxb7 c1=Q+ 48. Kh2 Qc4 49. Qb2 a4 50. f3 Qb3 51. Qf6 a3 0-1

[Event "Bundesliga 9899"]
[Site "Deutschland"]
[Date "1998.12.13"]
[Round "6.1"]
[White "Schlosser, Philipp"]
[Black "Eingorn, Vereslav S"]
[Result "1/2-1/2"]
[WhiteElo "2515"]
[BlackElo "2605"]
[PlyCount "56"]
[EventDate "1998.10.17"]
[EventType "team"]
[EventRounds "15"]
[EventCountry "GER"]
[SourceTitle "Bundesliga 9899"]
[Source "DeepChess"]
[SourceDate "2005.01.01"]
[SourceVersion "1"]
[SourceVersionDate "2005.01.01"]
[SourceQuality "1"]
[WhiteTeam "SK Passau 1869"]
[BlackTeam "PSV Turm Duisburg 1920 e.V."]
[WhiteTeamCountry "GER"]
[BlackTeamCountry "GER"]

1. Nf3 c5 2. c4 g6 3. d4 Bg7 4. e4 Qa5+ 5. Bd2 Qb6 6. Bc3 cxd4 7. Bxd4 Bxd4 8.
Qxd4 Qxd4 9. Nxd4 Nc6 10. Nc2 Nf6 11. Nc3 d6 12. f4 O-O 13. O-O-O Ng4 14. Rd2
f5 15. g3 fxe4 16. Nxe4 Bf5 17. Bg2 Rac8 18. h3 Nf6 19. Nxf6+ Rxf6 20. b3 Kg7
21. Kb2 Bxc2 22. Rxc2 Re6 23. Bf3 Rf8 24. Bg4 Re3 25. Rc3 Rxc3 26. Kxc3 h5 27.
Bf3 h4 28. Re1 hxg3 1/2-1/2

[Event "Bundesliga 9899"]
[Site "Deutschland"]
[Date "1998.12.13"]
[Round "6.2"]
[White "Epishin, Vladimir"]
[Black "Schmidt, Peter"]
[Result "1-0"]
[WhiteElo "2590"]
[BlackElo "2410"]
[PlyCount "67"]
[EventDate "1998.10.17"]
[EventType "team"]
[EventRounds "15"]
[EventCountry "GER"]
[SourceTitle "Bundesliga 9899"]
[Source "DeepChess"]
[SourceDate "2005.01.01"]
[SourceVersion "1"]
[SourceVersionDate "2005.01.01"]
[SourceQuality "1"]
[WhiteTeam "PSV Turm Duisburg 1920 e.V."]
[BlackTeam "SK Passau 1869"]
[WhiteTeamCountry "GER"]
[BlackTeamCountry "GER"]

1. d4 d5 2. c4 c6 3. Nc3 dxc4 4. e3 b5 5. a4 b4 6. Ne4 Nf6 7. Nxf6+ exf6 8.
Bxc4 Bd6 9. Nf3 O-O 10. O-O Nd7 11. b3 Bb7 12. a5 a6 13. e4 c5 14. d5 Re8 15.
Re1 f5 16. exf5 Qf6 17. Bg5 Qxf5 18. Bh4 Ne5 19. Bg3 Nxc4 20. bxc4 Bxg3 21.
hxg3 h6 22. Qa4 Kf8 23. g4 Qc8 24. Ne5 Rd8 25. Re3 Qc7 26. Rae1 Kg8 27. Nd3
Rab8 28. g5 hxg5 29. Qd1 Qd6 30. Qh5 b3 31. Qxg5 Bxd5 32. cxd5 Qxd5 33. Re8+
Kh7 34. Qh4+ 1-0

[Event "Bundesliga 9899"]
[Site "Deutschland"]
[Date "1998.12.13"]
[Round "6.5"]
[White "Klebel, Martin"]
[Black "Kraut, Rainer"]
[Result "0-1"]
[WhiteElo "2410"]
[BlackElo "2470"]
[PlyCount "57"]
[EventDate "1998.10.17"]
[EventType "team"]
[EventRounds "15"]
[EventCountry "GER"]
[SourceTitle "Bundesliga 9899"]
[Source "DeepChess"]
[SourceDate "2005.01.01"]
[SourceVersion "1"]
[SourceVersionDate "2005.01.01"]
[SourceQuality "1"]
[WhiteTeam "SK Passau 1869"]
[BlackTeam "PSV Turm Duisburg 1920 e.V."]
[WhiteTeamCountry "GER"]
[BlackTeamCountry "GER"]

1. d4 d5 2. c4 dxc4 3. Nf3 Nf6 4. e3 Bg4 5. Bxc4 e6 6. h3 Bh5 7. Nc3 a6 8. g4
Bg6 9. Ne5 Nbd7 10. Nxg6 hxg6 11. Bf1 c6 12. Bg2 Qc7 13. O-O O-O-O 14. Rb1 e5
15. b4 Nb6 16. b5 axb5 17. Nxb5 cxb5 18. Rxb5 e4 19. Qb3 Nxg4 20. Rd1 Rxh3 21.
Kf1 Rh2 22. Bd2 Nc4 23. Bxe4 Rxf2+ 24. Ke1 Rxd2 25. Bxb7+ Kd7 26. Rd5+ Ke6 27.
Re5+ Ngxe5 28. Rxd2 Qa5 29. d5+ 0-1

[Event "Bundesliga 9899"]
[Site "Deutschland"]
[Date "1998.12.13"]
[Round "6.6"]
[White "Pirrot, Dieter"]
[Black "Schlingensiepen, Christian"]
[Result "1-0"]
[WhiteElo "2390"]
[BlackElo "2300"]
[PlyCount "57"]
[EventDate "1998.10.17"]
[EventType "team"]
[EventRounds "15"]
[EventCountry "GER"]
[SourceTitle "Bundesliga 9899"]
[Source "DeepChess"]
[SourceDate "2005.01.01"]
[SourceVersion "1"]
[SourceVersionDate "2005.01.01"]
[SourceQuality "1"]
[WhiteTeam "PSV Turm Duisburg 1920 e.V."]
[BlackTeam "SK Passau 1869"]
[WhiteTeamCountry "GER"]
[BlackTeamCountry "GER"]

1. e4 e5 2. Nf3 Nc6 3. Bc4 Nf6 4. Ng5 d5 5. exd5 Nd4 6. c3 b5 7. Bf1 Nxd5 8.
Ne4 Qh4 9. Ng3 Ne6 10. Bxb5+ Kd8 11. d4 Bb7 12. dxe5 Kc8 13. O-O Bc5 14. Nd2
Ndf4 15. Nf3 Qg4 16. Bd7+ Kb8 17. Bxf4 Qxf4 18. Qa4 h5 19. Ne2 Qxa4 20. Bxa4
Bxf3 21. gxf3 Kb7 22. f4 g5 23. f5 Nf4 24. Nxf4 gxf4 25. Kg2 Rhg8+ 26. Kf3 Rg5
27. Bd7 Rag8 28. Rae1 f6 29. exf6 1-0

[Event "Bundesliga 9899"]
[Site "Deutschland"]
[Date "1998.12.13"]
[Round "6.7"]
[White "Kaiser, Wolfgang"]
[Black "Zude, Arno"]
[Result "1/2-1/2"]
[WhiteElo "2400"]
[BlackElo "2390"]
[PlyCount "32"]
[EventDate "1998.10.17"]
[EventType "team"]
[EventRounds "15"]
[EventCountry "GER"]
[SourceTitle "Bundesliga 9899"]
[Source "DeepChess"]
[SourceDate "2005.01.01"]
[SourceVersion "1"]
[SourceVersionDate "2005.01.01"]
[SourceQuality "1"]
[WhiteTeam "SK Passau 1869"]
[BlackTeam "PSV Turm Duisburg 1920 e.V."]
[WhiteTeamCountry "GER"]
[BlackTeamCountry "GER"]

1. Nf3 Nf6 2. g3 d5 3. Bg2 c6 4. O-O Bf5 5. d3 e6 6. Nbd2 h6 7. b3 Be7 8. Bb2
O-O 9. c4 Nbd7 10. a3 a5 11. Qc2 Bh7 12. Bc3 Re8 13. Qb2 Bd6 14. Ne5 Bxe5 15.
Bxe5 Nxe5 16. Qxe5 Qb6 1/2-1/2

[Event "Bundesliga 9899"]
[Site "Deutschland"]
[Date "1998.12.13"]
[Round "6.8"]
[White "Kummerow, Heiko"]
[Black "Beutel, Hubert"]
[Result "1-0"]
[WhiteElo "2280"]
[BlackElo "2155"]
[PlyCount "71"]
[EventDate "1998.10.17"]
[EventType "team"]
[EventRounds "15"]
[EventCountry "GER"]
[SourceTitle "Bundesliga 9899"]
[Source "DeepChess"]
[SourceDate "2005.01.01"]
[SourceVersion "1"]
[SourceVersionDate "2005.01.01"]
[SourceQuality "1"]
[WhiteTeam "PSV Turm Duisburg 1920 e.V."]
[BlackTeam "SK Passau 1869"]
[WhiteTeamCountry "GER"]
[BlackTeamCountry "GER"]

1. e4 e6 2. d4 d5 3. Nd2 c5 4. exd5 Qxd5 5. Ngf3 cxd4 6. Bc4 Qd6 7. O-O Nf6 8.
Nb3 Nc6 9. Nbxd4 Nxd4 10. Nxd4 Bd7 11. b3 a6 12. a4 Qc7 13. Bb2 Be7 14. Re1 O-O
15. Nf5 Bc5 16. Bxf6 exf5 17. Be7 Rad8 18. Bxf8 Bxf8 19. Qe2 Bc6 20. Rad1 Rxd1
21. Rxd1 Qf4 22. Bd5 Bxd5 23. Rxd5 g6 24. g3 Qb8 25. Qd2 Be7 26. Rd7 Bf6 27.
Qd5 Qe8 28. Rxb7 f4 29. Rb6 Kg7 30. Rxa6 Qe2 31. Ra7 f3 32. Qxf7+ Kh6 33. Qxh7+
Kg5 34. Ra5+ Be5 35. Qh4+ Kf5 36. Qf4+ 1-0

[Event "Bundesliga 9899"]
[Site "Deutschland"]
[Date "1998.12.13"]
[Round "6.1"]
[White "Rozentalis, Eduardas"]
[Black "Hracek, Zbynek"]
[Result "1/2-1/2"]
[WhiteElo "2610"]
[BlackElo "2610"]
[PlyCount "45"]
[EventDate "1998.10.17"]
[EventType "team"]
[EventRounds "15"]
[EventCountry "GER"]
[SourceTitle "Bundesliga 9899"]
[Source "DeepChess"]
[SourceDate "2005.01.01"]
[SourceVersion "1"]
[SourceVersionDate "2005.01.01"]
[SourceQuality "1"]
[WhiteTeam "SV Castrop Rauxel 1923"]
[BlackTeam "SAbt SV Werder Bremen"]
[WhiteTeamCountry "GER"]
[BlackTeamCountry "GER"]

1. e4 c5 2. c3 Nf6 3. e5 Nd5 4. Nf3 Nc6 5. Bc4 Nb6 6. Bb3 c4 7. Bc2 Qc7 8. Qe2
g5 9. h3 Bg7 10. O-O Nxe5 11. Nxg5 d5 12. b3 Bd7 13. a4 cxb3 14. Bxb3 Bf5 15.
a5 Nbc4 16. d4 h6 17. dxe5 hxg5 18. Bxg5 Qxe5 19. Bxc4 dxc4 20. Qxe5 Bxe5 21.
Re1 f6 22. f4 O-O-O 23. fxe5 1/2-1/2

[Event "Bundesliga 9899"]
[Site "Deutschland"]
[Date "1998.12.13"]
[Round "6.3"]
[White "Gallagher, Joseph G"]
[Black "Knaak, Rainer"]
[Result "0-1"]
[WhiteElo "2525"]
[BlackElo "2555"]
[PlyCount "96"]
[EventDate "1998.10.17"]
[EventType "team"]
[EventRounds "15"]
[EventCountry "GER"]
[SourceTitle "Bundesliga 9899"]
[Source "DeepChess"]
[SourceDate "2005.01.01"]
[SourceVersion "1"]
[SourceVersionDate "2005.01.01"]
[SourceQuality "1"]
[WhiteTeam "SV Castrop Rauxel 1923"]
[BlackTeam "SAbt SV Werder Bremen"]
[WhiteTeamCountry "GER"]
[BlackTeamCountry "GER"]

1. e4 e6 2. Qe2 c5 3. g3 g6 4. Bg2 Bg7 5. Nf3 Nc6 6. d3 Nge7 7. h4 h6 8. c3 d5
9. O-O b6 10. Na3 Ba6 11. exd5 exd5 12. Bf4 O-O 13. Rfe1 Re8 14. Qd2 Kh7 15.
Rad1 Qd7 16. b4 cxb4 17. cxb4 Nd8 18. Be5 f6 19. Bb2 Nf7 20. Nd4 Nf5 21. Nxf5
Qxf5 22. b5 Bb7 23. Nc2 Qd7 24. Nd4 a6 25. Rxe8 Rxe8 26. bxa6 Bxa6 27. Qb4 Ne5
28. Qxb6 Bxd3 29. Nf3 Nc4 30. Qb3 Nxb2 31. Qxb2 f5 32. Qb4 Be4 33. h5 gxh5 34.
Nd2 Qa7 35. Nxe4 dxe4 36. Qb5 Re5 37. Qe2 e3 38. f4 Re7 39. Kh2 h4 40. gxh4 Qa4
41. Kg3 Bf6 42. Rf1 Qe8 43. Bh3 Qg6+ 44. Kh2 Bxh4 45. Rg1 Qf7 46. Rc1 Qd5 47.
Rc3 Bf2 48. Bg2 Qd6 0-1

[Event "Bundesliga 9899"]
[Site "Deutschland"]
[Date "1998.12.13"]
[Round "6.4"]
[White "Babula, Vlastimil"]
[Black "Seul, Georg"]
[Result "0-1"]
[WhiteElo "2555"]
[BlackElo "2435"]
[PlyCount "76"]
[EventDate "1998.10.17"]
[EventType "team"]
[EventRounds "15"]
[EventCountry "GER"]
[SourceTitle "Bundesliga 9899"]
[Source "DeepChess"]
[SourceDate "2005.01.01"]
[SourceVersion "1"]
[SourceVersionDate "2005.01.01"]
[SourceQuality "1"]
[WhiteTeam "SAbt SV Werder Bremen"]
[BlackTeam "SV Castrop Rauxel 1923"]
[WhiteTeamCountry "GER"]
[BlackTeamCountry "GER"]

1. d4 Nf6 2. c4 e6 3. Nc3 Bb4 4. e3 b6 5. Bd3 Bb7 6. Nf3 O-O 7. O-O c5 8. Na4
cxd4 9. exd4 Re8 10. a3 Bf8 11. Nc3 d6 12. Bg5 Nbd7 13. Re1 Rc8 14. Rc1 h6 15.
Bh4 a6 16. Nd2 Qc7 17. Nf1 Qb8 18. Ne3 g6 19. Bc2 Bg7 20. Ba4 Qc7 21. d5 e5 22.
Bxf6 Bxf6 23. h4 h5 24. g4 Bxh4 25. gxh5 Nf6 26. Bxe8 Rxe8 27. hxg6 Bc8 28. Ng2
Bg5 29. f4 Qc5+ 30. Kf1 Ng4 31. Qxg4 Bxg4 32. Ne4 Qd4 33. Nxd6 fxg6 34. Nxe8
exf4 35. Rc3 f3 36. Ne3 Qd2 37. Rd1 Bh3+ 38. Kg1 Bxe3+ 0-1

[Event "Bundesliga 9899"]
[Site "Deutschland"]
[Date "1998.12.13"]
[Round "6.5"]
[White "Hoffmann, Michael"]
[Black "Meins, Gerlef"]
[Result "1/2-1/2"]
[WhiteElo "2430"]
[BlackElo "2450"]
[PlyCount "31"]
[EventDate "1998.10.17"]
[EventType "team"]
[EventRounds "15"]
[EventCountry "GER"]
[SourceTitle "Bundesliga 9899"]
[Source "DeepChess"]
[SourceDate "2005.01.01"]
[SourceVersion "1"]
[SourceVersionDate "2005.01.01"]
[SourceQuality "1"]
[WhiteTeam "SV Castrop Rauxel 1923"]
[BlackTeam "SAbt SV Werder Bremen"]
[WhiteTeamCountry "GER"]
[BlackTeamCountry "GER"]

1. Nf3 Nf6 2. c4 e6 3. d4 Bb4+ 4. Bd2 Qe7 5. g3 b6 6. Bg2 Bb7 7. O-O Bxd2 8.
Qxd2 d6 9. Nc3 Ne4 10. Nxe4 Bxe4 11. Qf4 Bb7 12. e4 O-O 13. c5 dxc5 14. dxc5
Nc6 15. cxb6 cxb6 16. Rfd1 1/2-1/2